000 01845cam a22004814i 4500
003 PE-LiUPU
005 20250731173024.0
008 150623s1990 pau rb 000 0 eng d
020 _a0334024501
035 _a(Sirsi) i9780334024507
040 _aPE-LiUPU
_bspa
_cPE-LiUPU
_erda
049 _aPRUA
082 0 4 _a226.066
_bK71
_221
100 1 _aKoester, Helmut,
_d1926-,
_eautor.
245 1 0 _aAncient Christian gospels :
_btheir history and development /
_cHelmut Koester.
264 1 _aHarrisburg, Pennsylvania :
_bTrinity Press International,
_c1990.
300 _a448 páginas ;
_c23 centímetros
336 _atext
_2rdacontent
337 _aunmediated
_2rdamedia
338 _avolume
_2rdacarrier
504 _aIncluye bibliografía.
505 0 _aThe term "gospel" -- The collection of the sayings of Jesus -- From dialogues and narratives to the gospel John -- The synoptic gospels -- The harmonization of the canonical gospels.
526 _aSEG42
526 _aSEG41
526 _aSEG40
526 _aSEG39
526 _aP94
526 _aP87
526 _aP86
526 _aP85
526 _aP77
526 _aP76
526 _aP35
630 0 4 _aBiblia.
_pN.T.
_pEvangelios
_xArmonías
_xHistoria y crítica.
630 0 4 _aBiblia.
_pN.T.
_pEvangelios
_xCrítica, interpretación, etc.
650 1 4 _aEvangelios Apócrifos
_xCrítica, interpretación, etc.
942 _2ddc
_cBOOK
949 _a226.066 K71
_wDEWEY
_c1
_i47890
_lCCODEBUL1
_mBUL
_r0
_sY
_tBOOK
_u2015-6-24
_xTEOLOGIA
_PP35
_0COMPRA
_o.STAFF. Colección Teología
994 _aC0
_bPEPRU
596 _a1
999 _a226.066 K71
_wDEWEY
_c24363
_i47890
_f2021-11-9
_g5
_lCCODEBUL1
_mBUL
_p15.00
_r0
_sY
_tBOOK
_u2015-6-24
_xTEOLOGIA
_PP35
_0COMPRA
_o.STAFF. Colección Teología
_d24363
980 _81
_gALBERTO SANCHEZ Responsable de Automatización